000
00337nam a2200133Ia 4500
008
240624s9999 xx 000 0 und d
041
_a
eng
082
_a
670.42 GAL
100
_a
GALSWORTH GWENDOLYN D
245
_a
VISUAL SYSTEMS HARNESSING THE POWER OF A
260
_c
2007
_a
New York
_b
AMACOM
300
_a
350 : p.
365
_c
RS
_b
21
999
_c
17517
_d
17517